Największe transfery sezonu 2010/11. - Statystyki

Ogólne statystyki
  • Ten quiz został rozwiązany 85 razy
  • Średni wynik to 8 z 10
Statystyki odpowiedzi
# Piłkarz Narodowość Klub oddający Kwota transferu Klub pozyskujący % Poprawnych
1 Fernando Torres
58,50 mln €
93%
9 Luis Suárez
26,50 mln €
93%
6 Yaya Touré
30,00 mln €
93%
4 Edin Dzeko
37,00 mln €
92%
5 Ángel Di María
33,00 mln €
78%
3 David Villa
40,00 mln €
74%
8 David Silva
28,75 mln €
71%
10 David Luiz
25,00 mln €
61%
7 Mario Balotelli
29,50 mln €
60%
2 Andy Carroll
41,00 mln €
38%
Nie znaleziono quizów pasujących do podanych kryteriów
Rozkład punktacji
Procent ludzi z każdym wynikiem
Percentyl według liczby udzielonych odpowiedzi
Twoja historia wyników
Nie rozwiązałeś tego quizu